02108cam a2200337 i 450000100090000000300040000900500170001300800410003001000170007102000170008804000280010504200080013305000220014108200150016310000290017824500890020725000240029626400310032030000230035133600210037433700250039533800230042049000340044350000870047750400510056450510650061565000150168065000210169565000210171670000330173718829863OSt20230826095626.0151023s2017 nju b 001 0 eng  a 2015040965 a978932584921 aDLCbengcDLCerdadDLC apcc00aHG8051b.R44 201700a368bREJ/P1 aRejda, George E.,d1931-10aPrinciples of risk management and insurance /cGeorge E. Rejda, Michael J. McNamara. aThirteenth Edition. 1aBoston :bPearson,c[2017] a720 pages ;c26 cm atext2rdacontent aunmediated2rdamedia avolume2rdacarrier0 aThe Pearson Series in Finance aRevised edition of the authors' Principles of risk management and insurance, 2014. aIncludes bibliographical references and index.0 aPreface -- Basic concepts in risk management and insurance -- Risk and its treatment -- Insurance and risk -- Introduction to risk management -- Advanced topics in risk management -- Types of insurers and marketing systems -- Insurance company operations -- Financial operations of insurers -- Government regulation of insurance -- Legal principles in risk and insurance -- Fundamental legal principles -- Analysis of insurance contracts -- Life insurance -- Life insurance contractual provisions -- Buying life insurance -- Annuities and individual retirement accounts -- Health-care reform : individual health insurance coverage -- Employee benefits : group life and health insurance -- Employee benefits : retirement plan -- Social insurance -- The liability risk -- Homeowners insurance -- Auto insurance -- Other property and liability insurance coverage -- Commercial property and liability risks -- Commercial property insurance -- Commercial property insurance -- Commercial liability insurance -- Crime insurance and surety bonds -- Glossary -- Index. 0aInsurance. 0aRisk (Insurance) 0aRisk management.1 aMcNamara, Michael J.,d1961-